Điện hoá lý thuyết Giáo trình cho sinh viên trường đại học bách khoa và các trường khác

Gespeichert in:
Bibliographische Detailangaben
1. Verfasser: Trương Ngọc Liên
Format: Buch
Sprache:Undetermined
Veröffentlicht: H. KHKT 2000
Schlagworte:
Tags: Tag hinzufügen
Keine Tags, Fügen Sie den ersten Tag hinzu!
Thư viện lưu trữ: Trung tâm Học liệu Trường Đại học Cần Thơ
LEADER 00591nam a2200193Ia 4500
001 CTU_51934
008 210402s9999 xx 000 0 und d
020 |b 19000 
082 |a 541.37 
082 |b L305 
100 |a Trương Ngọc Liên 
245 0 |a Điện hoá lý thuyết 
245 0 |b Giáo trình cho sinh viên trường đại học bách khoa và các trường khác 
245 0 |c Trương Ngọc Liên 
260 |a H. 
260 |b KHKT 
260 |c 2000 
650 |a electrochemisstry 
980 |a Trung tâm Học liệu Trường Đại học Cần Thơ